000
00202 a2200097 4500
001
10524
100
_a
Piaggio, H T H
245
_a
Differential equations.
260
_a
_b
Bell
_c
090
_c
8139
_d
8139
942
_a
NUST-CAE
_c
M
_c
34866
999
_c
245597
_d
245597